| 000 | 00724nam a2200229 u 4500 | ||
|---|---|---|---|
| 005 | 20230914063551.0 | ||
| 008 | 140611s1984 mx r 000 0 spa d | ||
| 020 | _a9684343213 | ||
| 035 | _aUPN01000197802 | ||
| 049 | _aCG | ||
| 050 | 4 |
_aBF723 R4 _bP5.4 |
|
| 100 | 1 |
_aPiaget, Jean, _d1896-1980 |
|
| 245 | 1 | 0 |
_aInvestigaciones sobre la generalización : _bestudios de epistemología y psicología genéticas / _cJean Piaget. |
| 260 |
_aMéxico : _bPremiá, _c1984. |
||
| 300 | _a220 p. | ||
| 440 | 3 |
_aLa red de Jonás. _pPsicología y psiquiatría |
|
| 650 | 4 |
_aRAZONAMIENTO INFANTIL _923242 |
|
| 650 | 4 |
_aPsicología genética _94967 |
|
| 650 | 2 |
_aCognición en niños _94094 |
|
| 905 | _aLibro | ||
| 999 |
_c169903 _d169903 |
||